[Event "Jiraskuv memorial - GM"]
[Site "Rakovnik"]
[Date "2011.08.10"]
[Round "6.3"]
[White "Sergeev, Vladimir"]
[Black "Cyborowski, Lukasz"]
[Result "1/2-1/2"]
[WhiteElo "2522"]
[BlackElo "2537"]
[PlyCount "66"]
[EventDate "2011.08.??"]
[EventType "tourn"]
[EventRounds "9"]
[EventCountry "CZE"]
[SourceDate "2011.08.07"]

1. d4 d5 2. Bf4 Nf6 3. e3 c5 4. c3 Nc6 5. Nd2 e6 6. Ngf3 Bd6 7. dxc5 Bxc5 8.
Bd3 Bd6 9. Bxd6 Qxd6 10. Qe2 Ne5 11. Nxe5 Qxe5 12. O-O Bd7 13. Rfd1 Bc6 14.
Rac1 O-O 15. Nf3 Qc7 16. Nd4 Bd7 17. c4 Rac8 18. Rc3 dxc4 19. Rxc4 Qa5 20. a3
h6 21. h3 Rxc4 22. Bxc4 Rc8 23. Bb5 Bxb5 24. Nxb5 Qb6 25. Nc3 Rd8 26. Rxd8+
Qxd8 27. Qc4 Qd2 28. Qc8+ Kh7 29. Qxb7 Qe1+ 30. Kh2 Qxf2 31. Ne4 Ng4+ 32. hxg4
Qh4+ 33. Kg1 Qe1+ 1/2-1/2

[Event "Jiraskuv memorial - GM"]
[Site "Rakovnik"]
[Date "2011.08.11"]
[Round "7.5"]
[White "Cernousek, Lukas"]
[Black "Cvek, Robert"]
[Result "1/2-1/2"]
[WhiteElo "2424"]
[BlackElo "2506"]
[PlyCount "61"]
[EventDate "2011.08.??"]
[EventType "tourn"]
[EventRounds "9"]
[EventCountry "CZE"]
[SourceDate "2011.08.07"]

1. d4 Nf6 2. c4 e6 3. g3 d5 4. Nf3 dxc4 5. Bg2 a6 6. O-O Nc6 7. Nc3 Rb8 8. e4
Be7 9. Qe2 b5 10. d5 Nb4 11. Rd1 exd5 12. e5 Nd7 13. Nd4 Nb6 14. a3 c5 15.
Ndxb5 axb5 16. axb4 Be6 17. bxc5 Bxc5 18. Nxb5 O-O 19. Be3 Na4 20. Rxa4 Rxb5
21. Bxc5 Rxc5 22. Ra6 d4 23. Rd6 Qa5 24. R6xd4 Rxe5 25. Qd2 Qxd2 26. R4xd2 Rb5
27. Bf1 g6 28. Rc1 Rfb8 29. Bxc4 Bxc4 30. Rxc4 Rxb2 31. Rd7 1/2-1/2

[Event "Jiraskuv memorial - GM"]
[Site "Rakovnik"]
[Date "2011.08.11"]
[Round "7.1"]
[White "Palek, Miroslav"]
[Black "Cech, Pavel"]
[Result "1/2-1/2"]
[WhiteElo "2211"]
[BlackElo "2377"]
[PlyCount "84"]
[EventDate "2011.08.??"]
[EventType "tourn"]
[EventRounds "9"]
[EventCountry "CZE"]
[SourceDate "2011.08.07"]

1. e4 e6 2. d4 d5 3. Nc3 Bb4 4. Bd3 dxe4 5. Bxe4 Nf6 6. Bf3 c5 7. Nge2 Nc6 8.
a3 Bxc3+ 9. bxc3 cxd4 10. cxd4 e5 11. Bxc6+ bxc6 12. O-O e4 13. c4 Bg4 14. h3
Bh5 15. Be3 O-O 16. Qc2 Bxe2 17. Qxe2 Qa5 18. Rfd1 Rfe8 19. Qd2 Qa6 20. Qc3 h6
21. Rab1 Rad8 22. Rb2 Rd7 23. Rdb1 Red8 24. Rb8 Kh7 25. Rxd8 Rxd8 26. Qb4 Qc8
27. Qc5 Qe6 28. a4 Ne8 29. a5 Nd6 30. d5 cxd5 31. cxd5 Qf5 32. Qxa7 Qxd5 33.
Qc5 Nc4 34. Ra1 Nxe3 35. Qxe3 Qe5 36. Qe1 Ra8 37. a6 Ra7 38. Ra4 f5 39. Qa5 Qe6
40. Qc5 Rxa6 41. Rxa6 Qxa6 42. Qxf5+ Qg6 1/2-1/2

[Event "Jiraskuv memorial - GM"]
[Site "Rakovnik"]
[Date "2011.08.12"]
[Round "8.5"]
[White "Palek, Miroslav"]
[Black "Vojta, Tomas"]
[Result "1-0"]
[WhiteElo "2211"]
[BlackElo "2368"]
[PlyCount "75"]
[EventDate "2011.08.??"]
[EventType "tourn"]
[EventRounds "9"]
[EventCountry "CZE"]
[SourceDate "2011.08.07"]

1. e4 d5 2. exd5 Nf6 3. Nf3 Qxd5 4. Nc3 Qd6 5. d4 a6 6. Ne5 Nc6 7. Nxc6 Qxc6 8.
d5 Qd6 9. Qf3 Bg4 10. Qf4 e5 11. dxe6 Qxe6+ 12. Qe3 O-O-O 13. Qxe6+ Bxe6 14.
Bd2 Bb4 15. f3 Nd5 16. Nxd5 Bxd2+ 17. Kxd2 Rxd5+ 18. Bd3 c5 19. Kc3 b5 20. b4
Kc7 21. a4 cxb4+ 22. Kxb4 Kb6 23. axb5 axb5 24. Rhd1 Rc8 25. Be4 Rc4+ 26. Ka3
Ra4+ 27. Kb2 Rxa1 28. Rxa1 Rd2 29. f4 Rf2 30. Bf3 Bf5 31. Rc1 Kc5 32. Re1 Bxc2
33. Rc1 Kd4 34. Rxc2 Rxc2+ 35. Kxc2 Ke3 36. f5 Kf4 37. f6 gxf6 38. Kc3 1-0

[Event "Jiraskuv memorial - GM"]
[Site "Rakovnik"]
[Date "2011.08.12"]
[Round "8.3"]
[White "Neuman, Petr"]
[Black "Wasserbauer, Radek"]
[Result "1-0"]
[WhiteElo "2454"]
[BlackElo "2145"]
[PlyCount "109"]
[EventDate "2011.08.??"]
[EventType "tourn"]
[EventRounds "9"]
[EventCountry "CZE"]
[SourceDate "2011.08.07"]

1. Nf3 b5 2. d4 e6 3. e4 a6 4. a4 Bb7 5. Bd3 b4 6. O-O Nf6 7. Re1 Be7 8. c4
bxc3 9. bxc3 O-O 10. c4 d6 11. Nbd2 Nc6 12. a5 e5 13. d5 Nb4 14. Bf1 c5 15. Ba3
Rb8 16. Re3 Bc8 17. Rb3 Bg4 18. Qb1 Qc7 19. h3 Bh5 20. Bb2 Nd7 21. Bc3 Rb7 22.
Rb2 Rfb8 23. Be2 Bg6 24. Nf1 Qd8 25. Ng3 Bg5 26. Nxg5 Qxg5 27. Ra4 Qd8 28. Kh2
Kf8 29. f3 h6 30. Nf1 Qc7 31. Ne3 Kg8 32. Bf1 Nf6 33. g3 Qd7 34. Ra3 Bh5 35.
Bg2 Qc7 36. h4 Kf8 37. Qf1 Bg6 38. Nd1 Qe7 39. Nf2 Bh5 40. Rab3 Qc7 41. Qa1 Ke7
42. Qa4 Qd7 43. Qa1 Qc7 44. Bd2 Kf8 45. Bh3 Ke7 46. Kg2 Ne8 47. Qa4 Nf6 48.
Bxb4 cxb4 49. Rxb4 Nd7 50. Rxb7 Rxb7 51. Rxb7 Qxb7 52. Qxd7+ Qxd7 53. Bxd7 Kxd7
54. g4 Bg6 55. h5 1-0

[Event "Jiraskuv memorial - GM"]
[Site "Rakovnik"]
[Date "2011.08.12"]
[Round "8.2"]
[White "Sergeev, Vladimir"]
[Black "Cernousek, Lukas"]
[Result "0-1"]
[WhiteElo "2522"]
[BlackElo "2424"]
[PlyCount "112"]
[EventDate "2011.08.??"]
[EventType "tourn"]
[EventRounds "9"]
[EventCountry "CZE"]
[SourceDate "2011.08.07"]

1. c4 Nf6 2. Nc3 d5 3. cxd5 Nxd5 4. g3 Nb6 5. Bg2 e5 6. Nf3 Nc6 7. O-O Be7 8.
a3 O-O 9. b4 Be6 10. d3 f6 11. Bb2 a5 12. b5 Nd4 13. Nd2 c6 14. bxc6 Nxc6 15.
Na4 Rb8 16. Nxb6 Qxb6 17. Rb1 Ba2 18. Bxe5 Bxb1 19. Bxb8 Bxd3 20. exd3 Rxb8 21.
Qe2 Qc7 22. Nc4 Ne5 23. Ne3 Bc5 24. Rc1 Qd6 25. Nf5 Qb6 26. Rd1 Rd8 27. Kh1 g6
28. Ne3 Qb3 29. Be4 f5 30. d4 fxe4 31. dxc5 Rxd1+ 32. Nxd1 Qf3+ 33. Qxf3 exf3
34. Ne3 Kf7 35. Kg1 Ke6 36. Kf1 h5 37. h4 Kd7 38. Ke1 Kc6 39. Kd2 Kxc5 40. Nd1
Kd4 41. a4 Nc4+ 42. Kc2 b5 43. axb5 Na3+ 44. Kd2 Nxb5 45. Ne3 Na3 46. Nf1 a4
47. Nh2 Nc4+ 48. Kc2 Ke4 49. Kc3 a3 50. Kb3 Kd3 51. Nxf3 Nd2+ 52. Nxd2 Kxd2 53.
f4 Ke3 54. g4 Kxf4 55. gxh5 gxh5 56. Kxa3 Kg3 0-1

[Event "Jiraskuv memorial - GM"]
[Site "Rakovnik"]
[Date "2011.08.13"]
[Round "9.5"]
[White "Cvek, Robert"]
[Black "Sergeev, Vladimir"]
[Result "1/2-1/2"]
[WhiteElo "2506"]
[BlackElo "2522"]
[PlyCount "34"]
[EventDate "2011.08.??"]
[EventType "tourn"]
[EventRounds "9"]
[EventCountry "CZE"]
[SourceDate "2011.08.07"]

1. Nf3 Nf6 2. c4 g6 3. Nc3 Bg7 4. e4 O-O 5. d4 d6 6. Be2 Bg4 7. Be3 Nfd7 8. Ng1
Bxe2 9. Ngxe2 a6 10. O-O c5 11. b3 Qa5 12. Rc1 Nf6 13. f3 Rc8 14. dxc5 dxc5 15.
e5 Nfd7 16. f4 Nf8 17. Qe1 Nbd7 1/2-1/2

[Event "Jiraskuv memorial - GM"]
[Site "Rakovnik"]
[Date "2011.08.13"]
[Round "9.3"]
[White "Wasserbauer, Radek"]
[Black "Pacher, Milan"]
[Result "1-0"]
[WhiteElo "2145"]
[BlackElo "2408"]
[PlyCount "113"]
[EventDate "2011.08.??"]
[EventType "tourn"]
[EventRounds "9"]
[EventCountry "CZE"]
[SourceDate "2011.08.07"]

1. e4 c6 2. d4 d5 3. exd5 cxd5 4. Bd3 Nc6 5. c3 Nf6 6. Bf4 Bg4 7. Nf3 e6 8.
Nbd2 Bd6 9. Bg5 Qc7 10. h3 Bh5 11. O-O Bh2+ 12. Kh1 Bf4 13. Bxf4 Qxf4 14. Qb3
Rb8 15. Rae1 Bg6 16. Bxg6 hxg6 17. Kg1 g5 18. Ne5 Nxe5 19. dxe5 Nd7 20. Re3
Nxe5 21. Rfe1 Nc6 22. Qxd5 Rd8 23. Rxe6+ fxe6 24. Qxe6+ Kf8 25. Ne4 Re8 26.
Nxg5 Ne7 27. Re3 Rh6 28. Qxh6 Qxf2+ 29. Kxf2 gxh6 30. Ne6+ Kf7 31. Nd4 Rd8 32.
g4 Nd5 33. Rf3+ Kg6 34. Ne6 Rd6 35. Rd3 Rxe6 36. Rxd5 Ra6 37. Rb5 Rf6+ 38. Rf5
Ra6 39. a3 Rb6 40. b4 Rd6 41. Ke2 Re6+ 42. Kd3 Re1 43. a4 Rh1 44. Rh5 Rd1+ 45.
Kc4 Rd8 46. b5 b6 47. Rd5 Rc8+ 48. Kb4 Rc7 49. c4 Re7 50. a5 bxa5+ 51. Kxa5 Re3
52. Ka6 Rxh3 53. Kxa7 Rc3 54. c5 Kf7 55. c6 Ke6 56. Rd1 Rc5 57. Kb6 1-0

[Event "Jiraskuv memorial - GM"]
[Site "Rakovnik"]
[Date "2011.08.13"]
[Round "9.2"]
[White "Cyborowski, Lukasz"]
[Black "Palek, Miroslav"]
[Result "1-0"]
[WhiteElo "2537"]
[BlackElo "2211"]
[PlyCount "65"]
[EventDate "2011.08.??"]
[EventType "tourn"]
[EventRounds "9"]
[EventCountry "CZE"]
[SourceDate "2011.08.07"]

1. d4 Nf6 2. c4 c5 3. Nf3 g6 4. Nc3 Bg7 5. e4 cxd4 6. Nxd4 d6 7. Be2 Nc6 8. Nc2
O-O 9. O-O Nd7 10. Be3 Nc5 11. f3 f5 12. exf5 Bxf5 13. Nd4 Bd7 14. Qd2 Ne6 15.
Nxe6 Bxe6 16. Nd5 Ne5 17. Rac1 Nd7 18. Rfd1 Nf6 19. Nc3 Qa5 20. Nb5 Qxd2 21.
Rxd2 Rfc8 22. Nxa7 Rxa7 23. Bxa7 Bh6 24. Rdd1 Bxc1 25. Rxc1 Ra8 26. Bd4 Rxa2
27. c5 dxc5 28. Rxc5 Ne8 29. Be5 Ra1+ 30. Kf2 Bd7 31. Bb5 Rd1 32. Ke2 Bxb5+ 33.
Kxd1 1-0

[Event "Jiraskuv memorial - GM"]
[Site "Rakovnik"]
[Date "2011.08.13"]
[Round "9.4"]
[White "Cernousek, Lukas"]
[Black "Neuman, Petr"]
[Result "1-0"]
[WhiteElo "2424"]
[BlackElo "2454"]
[PlyCount "70"]
[EventDate "2011.08.??"]
[EventType "tourn"]
[EventRounds "9"]
[EventCountry "CZE"]
[SourceDate "2011.08.07"]

1. c4 g6 2. Nc3 Bg7 3. d4 d6 4. e4 Nf6 5. f3 O-O 6. Be3 e5 7. d5 Nh5 8. Qd2
Qh4+ 9. g3 Nxg3 10. Qf2 Nxf1 11. Qxh4 Nxe3 12. Kd2 Nxc4+ 13. Kc2 Ne3+ 14. Kb3
Na6 15. a3 c6 16. Qf2 cxd5 17. Qxe3 d4 18. Qd2 dxc3 19. bxc3 Be6+ 20. Kc2 Rac8
21. Ne2 Rc6 22. Rag1 Rfc8 23. h4 Nc5 24. h5 Bb3+ 25. Kb2 Bc4 26. hxg6 hxg6 27.
Kc2 Rb6 28. Nc1 Na4 29. Kd1 Rb2 30. Qxd6 Nxc3+ 31. Ke1 Rc2 32. Nd3 Re2+ 33. Kf1
Rd2 34. Rg2 Rxd3 35. Rh8+ Kxh8 1-0

[Event "Jiraskuv memorial - GM"]
[Site "Rakovnik"]
[Date "2011.08.13"]
[Round "9.1"]
[White "Vojta, Tomas"]
[Black "Cech, Pavel"]
[Result "1/2-1/2"]
[WhiteElo "2368"]
[BlackElo "2377"]
[PlyCount "92"]
[EventDate "2011.08.??"]
[EventType "tourn"]
[EventRounds "9"]
[EventCountry "CZE"]
[SourceDate "2011.08.07"]

1. e4 e6 2. d4 d5 3. e5 c5 4. Nc3 Nc6 5. Nf3 cxd4 6. Nb5 Bb4+ 7. Bd2 Bc5 8. a3
a6 9. b4 axb5 10. bxc5 Bd7 11. Bd3 Qc7 12. Qe2 b4 13. a4 Nge7 14. O-O Ng6 15.
Rae1 O-O 16. Bb5 f6 17. exf6 Rxf6 18. Qd3 Nf4 19. Bxf4 Qxf4 20. Bxc6 Bxc6 21.
Nxd4 e5 22. Nxc6 bxc6 23. g3 Qd4 24. Qxd4 exd4 25. Re7 Rxa4 26. Rfe1 Ra2 27.
Rb7 h5 28. Re2 Kh7 29. Kf1 Rb2 30. f4 h4 31. Kf2 hxg3+ 32. hxg3 Kg6 33. Ree7
Rxc2+ 34. Kf3 Rc3+ 35. Kg4 Kh6 36. Rxg7 Rg6+ 37. Rxg6+ Kxg6 38. Rxb4 Rc4 39.
Rxc4 dxc4 40. Kf3 d3 41. g4 c3 42. Ke3 c2 43. Kd2 Kf6 44. Kc1 Ke6 45. Kd2 Kd5
46. g5 Ke6 1/2-1/2